Progressivity of taxes, skeweness of income distribution and violations of the progressive principle in income tax systems
Porovnanie dvoch druhov zásad progresíneho zdaňovania príjmu (index Kakwani/Lambert alebo modifikácia Vernizzi/Pellegrino). Rozdielna príjmová distribúcia, jednotný daňový systém, a výška strát pri redistribúcii zapríčinená porušením princípov progresívneho zdaňovania príjmu. Progresivita daní z prí...
Enregistré dans:
| Auteur principal: | |
|---|---|
| Format: | Chapitre de livre |
| Langue: | anglais |
| Sujets: | |
| Tags: |
Pas de tags, Soyez le premier à ajouter un tag!
|
MARC
| LEADER | 00000naa a2200000 4500 | ||
|---|---|---|---|
| 001 | 0190975 | ||
| 005 | 20240417075047.2 | ||
| 041 | 0 | |a eng | |
| 044 | |a CZ | ||
| 245 | 1 | 0 | |a Progressivity of taxes, skeweness of income distribution and violations of the progressive principle in income tax systems |c Edyta Mazurek |
| 520 | |a Porovnanie dvoch druhov zásad progresíneho zdaňovania príjmu (index Kakwani/Lambert alebo modifikácia Vernizzi/Pellegrino). Rozdielna príjmová distribúcia, jednotný daňový systém, a výška strát pri redistribúcii zapríčinená porušením princípov progresívneho zdaňovania príjmu. Progresivita daní z príjmu a šikmosť príjmovej distribúcie ako hlavné faktory vplyvu pri meraní porušovania zásad zdaňovania. | ||
| 610 | 2 | 0 | |a systémy daňové |
| 610 | 2 | 0 | |a dane progresívne |
| 610 | 2 | 0 | |a príjmy |
| 610 | 2 | 0 | |a distribúcia |
| 610 | 2 | 0 | |a redistribúcia |
| 610 | 2 | 0 | |a indexy |
| 100 | 1 | |a Mazurek, Edyta | |